|
|
|
|
| LEADER |
00000cas a2200000 a 4500 |
| 001 |
vtls001366919 |
| 003 |
SK-MaSNL |
| 005 |
20260228155736.0 |
| 008 |
990628d19721991xo qr p 0 0b0slo |
| 035 |
|
|
|a SNK000320603
|
| 040 |
|
|
|a SNK
|b slo
|c SNK
|e AACR2
|
| 041 |
0 |
|
|a slo
|
| 044 |
|
|
|a xo
|c SK
|
| 072 |
|
7 |
|a 007
|x Teória systémov. Automatické systémy. Kybernetika. Informačné systémy
|2 konspekt
|
| 080 |
|
|
|a 007+004
|2 2011
|
| 080 |
|
|
|a 050
|2 2011
|
| 080 |
|
|
|a (036)
|2 2011
|
| 245 |
0 |
0 |
|a Informačné systémy
|b záujmová publikácia Výskumného výpočtového strediska, Program OSN, Bratislava
|
| 260 |
|
|
|a Bratislava
|b Alfa
|c 1972-1991
|
| 300 |
|
|
|a 20 zv.
|
| 310 |
|
|
|a 6x ročne
|b 1977-1991
|
| 321 |
|
|
|a 4x ročne
|b 1972-1976
|
| 362 |
0 |
|
|a Roč. 1 (1972)-roč. 20, č. 5 (1991)
|z SKP
|
| 650 |
0 |
7 |
|a informačné systémy
|2 SNKPH
|9 1128
|
| 655 |
|
7 |
|a informačné publikácie
|2 SNKPH
|9 70181
|
| 910 |
|
|
|a snk
|
| 999 |
|
|
|c 392
|d 392
|
| 952 |
|
|
|0 0
|1 0
|4 0
|7 0
|a SNK
|b SNK
|d 2026-02-10
|i snkČSP 759/80
|l 0
|o snkČSC 2034/8/1979 D1
|p 17A1346613
|r 2026-02-21 20:04:18
|t č. 1-6
|w 2026-02-21
|y PREZ
|
| 952 |
|
|
|0 0
|1 0
|4 0
|7 0
|a SNK
|b SNK
|d 2006-09-11
|i snkČSP 578/74
|l 0
|o snkČSC 2034/1972 D1
|p 17A0515029
|r 2026-02-21 20:13:07
|t č. 1-4
|w 2026-02-21
|y PREZ
|
| 952 |
|
|
|0 0
|1 0
|4 0
|7 0
|a SNK
|b SNK
|d 1998-04-28
|l 0
|o snkČSC 2034/19/1990 D1
|p 17A0136336
|r 2005-01-02 00:00:00
|t č. 1-6
|w 2026-02-21
|y PREZ
|
| 952 |
|
|
|0 0
|1 0
|4 0
|7 0
|a SNK
|b SNK
|d 2008-04-09
|i snkČSP 580/74
|l 0
|o snkČSC 2034/2/1973 D1
|p 17A0585873
|r 2026-02-21 21:01:18
|t č. 1-4
|w 2026-02-21
|y PREZ
|
| 952 |
|
|
|0 0
|1 0
|4 0
|7 0
|a SNK
|b SNK
|d 1998-12-23
|l 0
|o snkČSC 2034/8/1979
|p 17A0175092
|r 2005-01-02 00:00:00
|t č. 1-6
|w 2026-02-21
|y PREZ
|
| 952 |
|
|
|0 0
|1 0
|4 0
|7 0
|a SNK
|b SNK
|d 1999-06-28
|l 0
|o snkČSC 2034/18/1989 D1
|p 17A0199927
|r 2005-01-02 00:00:00
|t č. 1-6
|w 2026-02-21
|y PREZ
|
| 952 |
|
|
|0 0
|1 0
|4 0
|7 0
|a SNK
|b SNK
|d 1999-06-28
|l 0
|o snkČSC 2034/17/1988 D1
|p 17A0199893
|r 2005-01-02 00:00:00
|w 2026-02-21
|y PREZ
|
| 952 |
|
|
|0 0
|1 0
|4 0
|7 0
|a SNK
|b SNK
|d 2003-09-24
|i snkČSP 579/74
|l 0
|o snkČSC 2034/1972
|p 17A0397913
|r 2005-01-02 00:00:00
|w 2026-02-21
|y PREZ
|z č. 1-4
|
| 952 |
|
|
|0 0
|1 0
|4 0
|7 0
|a SNK
|b SNK
|d 1999-06-28
|l 0
|o snkČSC 2034/20/1991 D1
|p 17A0199888
|r 2005-01-02 00:00:00
|t č. 1-5
|w 2026-02-21
|y PREZ
|